Instructions to the american delegates to The Hague peace conferences and their official reports

Guardat en:
Dades bibliogràfiques
Autor principal: Brown Scott, James (Autor)
Format: Llibre
Idioma:anglès
Publicat: Nueva York Oxford University 1916
Matèries:
Etiquetes: Afegir etiqueta
Sense etiquetes, Sigues el primer a etiquetar aquest registre!

MARC

LEADER 00000nam a2200000 a 4500
001 UCT9442
003 CL-VaPUC
008 970404e19160000US |||||||||||||||||eng|d
082 0 4 |a 341.552  |b BRO  |2 21 
100 0 |a Brown Scott, James  |e author  |9 382126 
245 1 0 |a Instructions to the american delegates to The Hague peace conferences and their official reports 
300 |a 138 p 
942 |c BK 
945 |d 19970404 00:00:00  |a paguirre 
260 |a Nueva York  |b Oxford University  |c 1916 
600 0 7 |a TRIBUNAL INTERNACIONAL DE LA HAYA  |2 CL-VaPUC  |9 382127 
650 0 |a Tribunales internacionales   |9 256072 
650 0 |a Relaciones Internacionales  |9 255740 
650 0 |a Guerra  |9 255876 
650 0 |a Crímenes de guerra  |9 344323 
650 7 |a DERECHO HUMANITARIO  |2 CL-VaPUC  |9 344325 
650 0 |a Prisioneros de guerra  |9 350908 
651 0 |a Estados Unidos  |9 255178 
583 |a last modification  |c 19970404 00:00:00  |k Rodrigo Vera 
999 |c 257843  |d 257841 
952 |0 0  |1 0  |4 0  |6 341_552000000000000_BRO_1916  |7 0  |8 A  |9 281523  |a BIBDER  |b BIBDER  |d 2019-11-19  |i 1824988  |o 341.552 BRO 1916  |p 1824988  |r 2023-01-25  |w 2019-11-19  |y BK  |k DER